Bye Bye Lil Sebastian Quiz Stats

 Plays Quiz not verified by Sporcle

Challenge
Share
Tweet
Embed
Score 0/116 Timer 09:00
0 Plays Today
Lyrics % Correct
VERSE 1:
100%
CHORUS:
99.9%
VERSE 2:
99.9%
REPEAT CHORUS
99.9%
BRIDGE:
99.9%
REPEAT CHORUS
99.9%
ENDING:
99.9%
the
93.9%
the
93.9%
the
93.9%
the
93.9%
Lil
93.8%
Lil
93.8%
the
93.8%
Sebastian,
93.6%
Sebastian,
93.6%
Bye
91.3%
Bye
91.3%
Bye
91.3%
Bye
91.3%
You
90.5%
You
90.5%
you
90.5%
you
90.5%
you
90.5%
in
90.4%
in
90.4%
in
90.4%
wind
83.6%
I
83.2%
candles
83%
5000
81.2%
a
79.6%
a
79.6%
your
76.4%
your
76.4%
your
76.4%
Miss
74.2%
miss
74.2%
Lyrics % Correct
miss
74.1%
You're
73.4%
you're
73.4%
And
70.7%
and
70.7%
And
70.7%
And
70.7%
And
70.7%
and
70.7%
and
70.7%
we
68.8%
We
68.8%
heaven
67.2%
to
64.1%
fashion,
64.1%
Up
63.9%
up
63.9%
up
63.9%
horsey
63.5%
saddest
63%
wings,
60.6%
wings
60.6%
wings
60.6%
for
59.5%
fly
57.6%
fly,
57.6%
fly
57.6%
angels
52.8%
learn
51.8%
trade
50.3%
thing,
48.7%
legs
48.2%
here's
48.1%
here's
48.1%
Spread
45.9%
Spread
45.9%
take
45.2%
leap
44.4%
running
43.7%
Lyrics % Correct
there
43.7%
all
42.4%
all
42.4%
know
39.8%
know
39.8%
goodbye,
39.4%
said
36.5%
that
35.9%
we'll
35.6%
it
35.4%
we've
34.5%
once
33.3%
day,
32.1%
day
32.1%
though
31.7%
now
30.9%
every
30.1%
hay,
29.7%
I'll
28.9%
eating
28.6%
ride
28.6%
most,
27.9%
my
27.6%
ghost
27.3%
cannot
26.7%
hurts
26.6%
part
25.9%
always
25.7%
Humans
25.4%
some
24.8%
heaven's
24.6%
friend,
24.2%
sing
22.8%
again,
21.7%
saddle
20.6%
Everybody
20.4%
horsiest
20%
Maybe
19.4%

You're not logged in!

Compare scores with friends on all Sporcle quizzes.
Join for Free
OR
Log In

You Might Also Like...

Show Comments

Extras

Top Quizzes Today


Score Distribution

Your Account Isn't Verified!

In order to create a playlist on Sporcle, you need to verify the email address you used during registration. Go to your Sporcle Settings to finish the process.

Report this User

Report this user for behavior that violates our Community Guidelines.

Details: